| 000 | 00403nam a22001577a 4500 | ||
|---|---|---|---|
| 005 | 20260204173704.0 | ||
| 008 | 260204b |||||||| |||| 00| 0 eng d | ||
| 020 |
_a9781416505594 _qpbk |
||
| 041 | _aeng | ||
| 082 | _a813.54 SAR | ||
| 100 | _a Satran, Pamela Redmond | ||
| 245 |
_aSuburbanistas _c/ Pamela Redmond Satran |
||
| 260 |
_aGallery Books _c2006. |
||
| 300 | _a352 pages | ||
| 942 | _cENGLISH | ||
| 999 |
_c610168 _d610168 |
||